| 000 | 00000nam##2200000za#4500 |
| 001 | 9.668461 |
| 003 | CaOODSP |
| 005 | 20210615124200 |
| 007 | ta |
| 008 | 150407|2007||||xxc||||| f|0| 0 eng|d |
| 020 | |a978-0-662-49892-6 |
| 040 | |aCaOODSP|beng |
| 041 | |aeng |
| 041 | |afre |
| 043 | |an-cn--- |
| 086 | 1 |aR64-105/73-2007 |
| 110 | 2 |aParks Canada. |
| 245 | 10|aBattle of Tourond's Coulee / Fish Creek National Historic Site of Canada - management plan |
| 246 | 1 |aBattle of Tourond's Coulee / Fish Creek NHSC management plan |
| 260 | |aWinnipeg - Manitoba : |bParks Canada |cOctober 2007. |
| 300 | |aEnglish text, vi, 21p. : |bphotographs ; |c28 cm. |
| 520 | 3 |aA strategic guide for the future management and conservation of this national historic site. It provides a strategy that follows legislative and policy requirements while addressing local issues and circumstances. The plan includes information about the site’s history and value as a cultural resource; its operating environment and programming; strategies for retaining its integrity; future plans; and an environmental assessment summary. |
| 563 | |aSpiral binding |
| 590 | |a08-20|b2008-05-16 |
| 690 | 07|aHistoric sites|2gcpds |
| 776 | 0#|tBattle of Tourond's Coulee/Fish Creek National Historic Site of Canada |w(CaOODSP)9.822572 |
| 792 | |tLieu historique national du Canada de la Bataille-de-la-Coulée-des-Tourond / Fish Creek - plan directeur |efre|w(CaOODSP)9.668462 |